| 000 | 00948cam a2200217 4500 | ||
|---|---|---|---|
| 001 | ABS65044 | ||
| 008 | 020128n2001 000 0 eng u | ||
| 035 | _a(Sirsi) u116490 | ||
| 245 | _aRisky business | ||
| 260 | _c2001 | ||
| 490 |
_aArchitects' Journal _v214(22) 20/27 December 2001, 42(1) |
||
| 520 | _aDiscusses the threat to UK companies posed by hackers and poor computer security and the steps firms can take to protect themselves. Many small and medium firms do not have a co-ordinated policy on digital security nor take out suitable insurance in this area. Architecture is used as an example of a profession that holds much of its important data on computer. | ||
| 590 | _aABS | ||
| 650 | _aINFORMATION TECHNOLOGY STRATEGY | ||
| 650 | _aSECURITY | ||
| 650 |
_aInsurance _96249 |
||
| 650 | _aHACKING | ||
| 650 | _aMANAGEMENT-BUSINESS MANAGEMENT | ||
| 690 | _aMANAGEMENT-BUSINESS MANAGEMENT-INFORMATION MANAGEMENT | ||
| 942 | _n0 | ||
| 999 |
_c69367 _d69367 |
||